Largest Cities in North America Beginning With 'A' - Statistics

General Stats
  • This quiz has been taken 272 times
  • The average score is 8 of 18
Answer Stats
# Population Country Answer % Correct
1 6,000,000 United States Atlanta
96%
8 594,962 United States(NY) Albany - Schenectady
87%
2 2,075,000 United States Austin
86%
7 658,609 Mexico Acapulco
60%
4 741,318 United States Albuquerque
60%
9 386,787 United States(GA) Augusta
58%
14 251,243 United States Anchorage
47%
3 1,180,000 Mexico Aguascalientes
46%
5 700,015 United States Akron
42%
6 664,651 United States Allentown
39%
11 306,022 United States Ann Arbor
39%
12 280,648 United States Asheville
32%
18 205,847 Canada Abbotsford - Mission
28%
16 216,154 United States Appleton
17%
15 248,402 United States Atlantic City
15%
13 277,634 United States Antioch
14%
17 213,751 United States Aberdeen - Bel Air
9%
10 307,788 United States(PR) Aguadilla - Isabela
4%
No matching quizzes found
Score Distribution
Percent of People with Each Score
Percentile by Number Answered
Your Score History
You have not taken this quiz